000 01303nam a2200241Ia 4500
001 16031
003 GE_BSU
008 181216s||||||||xx |||||||||||||| ||und||
040 _cGE_BSU
080 _a821.353.1-1
100 _aჯანგულაშვილი, თეიმურაზ
245 _aძმობის წიგნი
245 _bლექსები
245 _cრედ.კაპანაძე. მხ.ა.სამაშვილი
260 _aთბილისი
260 _bსაბჭ. საქართველო
260 _c1986
300 _a286გვ. ; 20სმ
653 _aლექსები
653 _aციკლები: რუსეთის გზებზე; მზედ დანთებული მიწა; ლექსები სომხეთს; მარადი ცეცხლის ქვეყანა; მიწისძვრა; სიმაღლეები; ჯეონი; აფხაზური რვეული; გამარჯობა, ოსეთო; ორდერზე გადასული გაზაფხული; ლექსები პოლონეთს; რუმინული დღიური
653 _aძმობის წიგნი
942 _cBK
999 _c49121
_d49121